Регионална библиотека "Любен Каравелов" - Русе

Busy machines (Запис номер 517710)

MARC детайли
000 -Лидер
Лидер 00902nam a2200265 a 4500
003 - Код на организацията, давaща контролен номер
Код на организацията, даваща контролен номер BLK
005 - Дата и час на последна редакция
Дата и час на последна редакция 20241017181955.0
007 - Фиксирано поле за физическо описани
Физическо описание ta
008 - Елементи от данни с фиксирана дължина
Елементи с фиксирана дължина 221104b bu |||||r|||| 00| | bu d
020 ## - Международен стандартен номер на книга ISBN
ISBN 9781789893717
040 ## - Източник на каталожния запис
Код на библиотеката BLK
041 ## - Код за език
Език Английски
Език за КДБФ Английски
080 ## - УДК
9 (RLIN) 239781
УДК текст Техника на транспортните средства
УДК код 629
УДК – код + определител 629
080 ## - УДК
9 (RLIN) 231478
УДК текст Издания за деца и юноши. Книжки-картинки. Читанки. Вж и 372.4
УДК код 087.5
УДК – код + определител 087.5
084 ## - Класификационен индекс по друга класификация
Авторски знак Joh - J 74
100 ## - Редна дума - Автор
R(LIN) 488475
Автор Johnson, Amy
245 ## - Сведения за заглавието
Заглавие Busy machines
Подзаглавни данни Tractors
Авторска отговорност Amy Johnson
260 ## - Област на издателските данни
9 (RLIN) 488474
Място на издаване Thaxted
Име на издателя Miles Kelly
Година на издаване 2019
300 ## - Физическа характеристика
Брой страници 24 с.
Илюстрации с ил.
Размер 26 см
380 ## - Жанр
Жанр Детска отраслова лит.
852 ## - Местоположение
Отдел Детски отдел
Систематично-азбучна сигнатура ДН 629/J 74 A
856 ## - Електронен адрес и достъп
Инструкция (цена за достъп) 0.00
Права за достъп disable
942 ## - АРТИКУЛИ
Вид на библиотечния документ Книги
Скрит в OPAC Не
Koha issues (borrowed), all copies 2
944 ## - СЪЗДАВАНЕ И РЕДАКЦИЯ на ЗАПИСА
Дата на регистрацията/редакция Моника Янева
Служител, извършил регистрацията/редакцията 30551
Номер на служител Бояна Костадинова
Създаване/Редакция
999 ## - СИСТЕМНИ КОНТРОЛНИ НОМЕРА
Koha biblionumber 517710
Koha biblioitemnumber 517710
Наличности
Код за отписване Код за изгубен артикул Източник на класификационната схема Код за повреда Код за отдаване Артикулен № Име на библиотеката - собственик Име на библиотеката, в която се намира в момента Статус (Текущо местоположение) Дата на вписване в системата Местоположение - отдел Цена в лева Инвентарен номер Систематично азбучна сигнатура Баркод Цена в евро Служебен тип на артикула
  Не е изгубен Universal Decimal Classification Не е повреден заемане за дома 950175 Регионална библиотека "Любен Каравелов" Русе Регионална библиотека "Любен Каравелов" Русе Детски отдел 2024-09-30 Детски отдел 12.00 120000913529 ДН 629/J 74 A 120000913529 6.14 Книги
Vip Innovations Ltd, Rousse, Bulgaria 2025